Top 10 NBA players of all-time - Statistics

General Stats
  • This quiz has been taken 21 times
  • The average score is 8 of 10
Answer Stats
Answer Hint % Correct
Lebron James 4.
100%
Michael Jordan 1.
100%
Kareem Abdul-Jabbar 2.
89%
Kobe Bryant 7.
89%
Magic Johnson 5.
84%
Larry Bird 8.
74%
Stephen Curry 9.
74%
Wilt Chamberlain 3.
58%
Hakeem Olajuwon 10.
53%
Kevin Durant 6.
42%
No matching quizzes found
Score Distribution
Percent of People with Each Score
Percentile by Number Answered
Your Score History
You have not taken this quiz